The Politics of Nation Building and Citizenship in Singapore (Record no. 266)
[ view plain ]
| 000 -LEADER | |
|---|---|
| fixed length control field | 00487nam a2200169Ia 4500 |
| 008 - FIXED-LENGTH DATA ELEMENTS--GENERAL INFORMATION | |
| fixed length control field | 240428s9999||||xx |||||||||||||| ||und|| |
| 020 ## - INTERNATIONAL STANDARD BOOK NUMBER | |
| International Standard Book Number | 0415100526 |
| 041 ## - LANGUAGE CODE | |
| Language code of text/sound track or separate title | eng |
| 082 ## - DEWEY DECIMAL CLASSIFICATION NUMBER | |
| Classification number | 323.6H |
| 100 ## - MAIN ENTRY--PERSONAL NAME | |
| Personal name | Hill, Michael - Fee, Lian Kwen |
| 245 #4 - TITLE STATEMENT | |
| Title | The Politics of Nation Building and Citizenship in Singapore |
| 260 ## - PUBLICATION, DISTRIBUTION, ETC. | |
| Name of publisher, distributor, etc. | Routledge |
| Place of publication, distribution, etc. | London |
| Date of publication, distribution, etc. | 1995 |
| 300 ## - PHYSICAL DESCRIPTION | |
| Extent | x, 285p; |
| 650 ## - SUBJECT ADDED ENTRY--TOPICAL TERM | |
| Topical term or geographic name entry element | Nation Building and Citizenship in Singapore - Politics in Singapore |
| 942 ## - ADDED ENTRY ELEMENTS (KOHA) | |
| Koha item type | Books |
| Withdrawn status | Lost status | Damaged status | Not for loan | Home library | Current library | Shelving location | Date acquired | Total checkouts | Full call number | Date last seen | Copy number | Price effective from | Koha item type |
|---|---|---|---|---|---|---|---|---|---|---|---|---|---|
| Main Library | Main Library | Open Shelves | 18/08/2021 | 323.6H 1384 C1 | 29/04/2024 | 1 | 29/04/2024 | Books |